| 000 | 01227nam a22002535i 4500 | ||
|---|---|---|---|
| 001 | 154236 | ||
| 003 | ES-MaACL | ||
| 005 | 20251012063054.0 | ||
| 008 | 000119s1880 sp |||| | spa d | ||
| 040 |
_aCAM _bspa _cCAM |
||
| 100 | 1 |
_aGarcía Santisteban, Rafael, _d1829-1893 _9140041 |
|
| 245 | 1 | 3 |
_aLa calle de Carretas _b: zarzuela histórico-tradicional-madrileña en tres actos y seis cuadros / _cescrita en verso y original de Rafael García y Santistéban ; música del maestro Ruperto Chapí. |
| 260 |
_aMadrid : _b[ Hijos de A. Gullón], _c1880 ( _fImprenta de José Rodriguez) |
||
| 300 |
_a95 p. ; _c19 cm. |
||
| 490 | 1 | _aEl Teatro: colección de obras dramáticas y líricas | |
| 500 | _aEn port.: Estrenada con éxito en el Teatro de Apolo el 22 de noviembre de 1880. | ||
| 500 | _aSolo la letra. | ||
| 596 | _aMención de editor consta en la cub. | ||
| 598 | _aMención de serie consta en la cub. | ||
| 700 | 1 |
_aChapí, Ruperto, _d1851-1909 _938014 |
|
| 830 | 0 | 3 |
_aEl teatro: colección de obras dramática y líricas _9221753 |
| 852 |
_aES-MaACL _jD-677(6) _z-- Enc. hol., conservando la enc. original _z-- Legado de M. de la Fuente _z-- Enc. en un vol. facticio |
||
| 999 |
_c154236 _d154236 |
||